| 000 | 01643caa a2200289 ib4500 | ||
|---|---|---|---|
| 003 | SA-RiAUC | ||
| 005 | 20241120140632.0 | ||
| 008 | 241107s1999 ku g b f000f0 ara c | ||
| 040 |
_aSA-JeALM _bara _cSA-RiAUC _erda |
||
| 082 | 0 | 4 | _a251 |
| 090 |
_a251 _b س و س |
||
| 100 | 1 |
_aالسوسوة، عبد المجيد محمد إسماعيل _eمؤلف. |
|
| 245 | 1 | 2 |
_aالعلاقة بين حاكمية الوحي واجتهاد العقل : _cعبد المجيد محمد السوسوة. |
| 246 | 3 | 7 | _aالدراسات والبحوث |
| 264 |
_a{ صنعاء } _bدار الجامعات اليمنية _c2000 |
||
| 300 |
_a86 صفحة _c16 CM |
||
| 336 |
_aنص _btxt _2rdacontent _3مقالة |
||
| 337 |
_aبدون وسيط _bn _2rdamedia |
||
| 338 |
_aمجلد _bnc _2rdacarrier |
||
| 504 | _aيشتمل على إرجاعات ببليوجرافية. | ||
| 580 | _aفي : مجلة الشريعة والدراسات الإسلامية = Journal of shari'a&islamic studies. | ||
| 650 | 7 |
_aالحاكمية (شريعة إسلامية) _vمقالات ومحاضرات _2aucsh |
|
| 650 | 7 |
_aأصول الفقه الإسلامي _vمقالات ومحاضرات _2aucsh |
|
| 773 | 0 |
_aجامعة الكويت. مجلس النشر العلمي _tمجلة الشريعة والدراسات الإسلامية = Journal of shari'a&islamic studies / مجلس النشر العلمي، جامعة الكويت. _gسنة 14، عدد 39 (شعبان 1420 هجري = ديسمبر 1999)، صفحة 15-80 _dالكويت : جامعة الكويت، مجلس النشر العلمي |
|
| 942 |
_2ddc _cBOOK _n0 |
||
| 949 |
_aSA-JeALM _d241107 _umohamedma123 _n1 |
||
| 999 |
_c2594 _d2594 |
||